000 00551nam a22002177a 4500
003 UA-OsUOA
001 56251
007 ta
008 20081009b un ||||| |||| 00| 0 ukr d
100 _aСавицький О.
090 _a330
_bС13
942 _cSA
040 _aUA-OsUOA
_bukr
_cUA-OsUOA
_dUA-OsUOA
245 _aНа скільки "розженеться" долар у грудні
300 _aС.5
955 _a0
041 _aukr
080 _a330
773 0 _w56249
650 7 _a330 Економіка взагалі
_2UDC
999 _c342310
_d342310